[Event "Titled Tue 27th May Late"]
[Site "chess.com INT"]
[Date "2025.05.27"]
[Round "10"]
[White "Movahed, Sina"]
[Black "Le, Quang Liem"]
[Result "1/2-1/2"]
[WhiteTitle "GM"]
[BlackTitle "GM"]
[WhiteElo "2518"]
[BlackElo "2729"]
[WhiteFideId "42520835"]
[BlackFideId "12401137"]
[EventDate "2025.05.27"]

1. Nf3 d5 2. c4 e6 3. e3 Nf6 4. Nc3 Bd6 5. b3 O-O 6. Bb2 Nc6 7. h3 Re8 8. d4
dxc4 9. Bxc4 a6 10. O-O b5 11. Be2 Bb7 12. Rc1 e5 13. dxe5 Nxe5 14. Nxe5 Bxe5
15. Qc2 c5 16. Rfd1 Qb6 17. a4 b4 18. Nb1 Be4 19. Bd3 Bxb2 20. Qxb2 Rad8 21. Bf1
Nd5 22. Rc4 g6 23. Rdc1 Bxb1 24. Qxb1 Nc3 25. Qc2 a5 26. Rf4 Re7 27. Bc4 Kg7 28.
Rf1 f5 29. h4 Qf6 30. g4 Red7 31. gxf5 Rd2 32. Qc1 gxf5 33. Kh2 Kh8 34. Rg1 Ne4
35. Qf1 Nxf2 36. Rg2 Ne4 37. Kh3 Rxg2 38. Qxg2 Qg6 39. Qf3 Nd2 40. Qf2 Nxc4 41.
bxc4 Rg8 42. Rxf5 b3 43. Rg5 Qe6+ 44. Kg3 Rxg5+ 45. hxg5 Qe5+ 46. Kh4 Kg7 47.
Qf3 b2 48. Qb7+ Kg6 49. Qc6+ Kf5 50. Qf3+ Ke6 51. Qc6+ Ke7 52. Qb7+ Kd8 53. Qb6+
Kd7 54. Qb7+ Ke8 55. Qa8+ Ke7 56. Qb7+ Ke6 57. Qc6+ Kf5 58. Qf3+ Kg6 59. Qc6+
Kg7 60. Qb7+ Kf8 61. Qa8+ Qe8 62. Qf3+ Qf7 63. Qa8+ Kg7 64. Qb8 Qxc4+ 65. Kg3
Qb4 66. Qc7+ Kg6 67. Qd6+ Kxg5 68. Qe5+ Kg6 69. Qe6+ Kg7 70. Qe7+ Kg8 71. Qe8+
Kg7 72. Qe7+ Kg6 73. Qe6+ Kg5 74. Qe5+ Kg6 75. Qe6+ 1/2-1/2

[Event "Titled Tue 27th May Late"]
[Site "chess.com INT"]
[Date "2025.05.27"]
[Round "10"]
[White "Bogaudinov, Rushan"]
[Black "Gimeno Martos, Roberto"]
[Result "1/2-1/2"]
[WhiteTitle "FM"]
[BlackTitle "CM"]
[WhiteElo "1912"]
[BlackElo "2090"]
[WhiteFideId "4129288"]
[BlackFideId "2226804"]
[EventDate "2025.05.27"]

1. e4 g6 2. h4 h5 3. d4 Bg7 4. c4 d6 5. Nc3 Nc6 6. d5 Ne5 7. Be2 Nf6 8. Nf3
Nxf3+ 9. gxf3 c6 10. Bg5 cxd5 11. cxd5 Bd7 12. Qb3 Qb6 13. Qxb6 axb6 14. a3 Nh7
15. Be3 O-O 16. Bxb6 Rfc8 17. Kd2 Bh6+ 18. Be3 Bg7 19. Rac1 Nf6 20. Nb5 Ne8 21.
Rxc8 Rxc8 22. Nc3 Nc7 23. Rc1 Na6 24. Nd1 Nc5 25. Bxc5 dxc5 26. b4 cxb4 27.
Rxc8+ Bxc8 28. axb4 Bf6 29. Ke3 Bxh4 30. Nc3 Bf6 31. Na4 h4 32. f4 g5 33. fxg5
Bxg5+ 34. f4 Bf6 35. e5 Bg7 36. Bf3 f6 37. Ke4 h3 38. Nc5 fxe5 39. fxe5 h2 40.
Bh1 b6 41. Na4 b5 42. Nc3 Bd7 43. Ne2 Bh6 44. Nf4 Kg7 45. Kf3 Bf5 46. Kg3 Kf7
47. Bf3 e6 48. d6 Ke8 49. Bc6+ Kd8 50. Nh5 Bd2 51. Kxh2 Bc3 52. Bxb5 Bxe5+ 53.
Kg2 Bxd6 54. Bc4 Bxb4 55. Ng7 Be4+ 56. Kf2 Bd5 57. Bd3 Bc4 58. Bxc4 Bc5+ 59. Kf3
Ke7 60. Nxe6 Bd6 61. Nd4 Bc5 62. Ne2 Bd6 63. Ke4 Kd7 64. Nd4 Ke7 65. Bd5 Kd7 66.
Nc6 Ba3 67. Na5 Bb4 68. Nc4 Ke7 69. Ne5 Kf6 70. Nd7+ Kg6 71. Ne5+ Kf6 72. Bc4
Kg7 73. Nd3 Be7 74. Bb3 Ba3 1/2-1/2

[Event "Titled Tue 27th May Late"]
[Site "chess.com INT"]
[Date "2025.05.27"]
[Round "10"]
[White "Haug, Havard"]
[Black "Kushko, Dmitriy"]
[Result "0-1"]
[WhiteTitle "FM"]
[BlackTitle "IM"]
[WhiteElo "2354"]
[BlackElo "2454"]
[WhiteFideId "1547887"]
[BlackFideId "14162261"]
[EventDate "2025.05.27"]

1. e4 d6 2. d4 Nf6 3. Nc3 g6 4. Bc4 Nc6 5. Nf3 Bg7 6. Qe2 e5 7. dxe5 Nxe5 8.
Nxe5 dxe5 9. Bg5 c6 10. Rd1 Qe7 11. O-O O-O 12. Bxf6 Bxf6 13. a4 a5 14. Rd3 Kg7
15. Rfd1 Qb4 16. Bb3 Be7 17. Na2 Qb6 18. h3 Qc7 19. Qf3 b6 20. Bc4 f5 21. Bb3
fxe4 22. Qxe4 Bf5 23. Qe2 Bxd3 24. Rxd3 Rad8 25. Rxd8 Rxd8 26. Nc3 Qd6 27. Qc4
Rf8 28. Ne4 Qd7 29. c3 b5 30. Qe2 bxa4 31. Bxa4 Qd5 32. Bc2 Bc5 33. Bd3 Ba7 34.
Bc4 Qd8 35. g3 a4 36. Kg2 Qe7 37. h4 a3 38. bxa3 Qxa3 39. h5 Qe7 40. Bd3 Qe6 41.
Ng5 Qd5+ 42. Be4 Qd6 43. Nf3 g5 44. g4 Rf4 45. Kg3 Qe6 46. Bf5 Qd5 47. Qxe5+
Qxe5 48. Nxe5 Bxf2+ 49. Kg2 Be1 50. Nd3 Rxf5 51. gxf5 Bxc3 52. Kf3 Kf6 53. Kg4
Bd4 54. Nb4 c5 55. Nd5+ Ke5 56. Nb6 h6 57. Nc4+ Kd5 58. Nb6+ Kc6 59. Nc4 Kd5 60.
Nb6+ Ke4 61. Nc4 Kd3 62. Nb6 c4 63. Nd5 Ke4 64. Nb4 c3 65. Nc2 Bf6 66. Nb4 Kd4
67. Kf3 Kc4 68. Nc2 Kb3 69. Ne1 c2 70. Nd3 Kc3 71. Ke2 g4 72. Nc1 Bg5 73. Nd3 g3
74. f6 Bxf6 75. Nc1 Bg5 76. Na2+ Kb3 0-1

[Event "Titled Tue 27th May Late"]
[Site "chess.com INT"]
[Date "2025.05.27"]
[Round "10"]
[White "Terry, Renato"]
[Black "Svane, Frederik"]
[Result "0-1"]
[WhiteTitle "IM"]
[BlackTitle "GM"]
[WhiteElo "2508"]
[BlackElo "2671"]
[WhiteFideId "3803457"]
[BlackFideId "12923044"]
[EventDate "2025.05.27"]

1. e4 e5 2. Nf3 Nc6 3. c3 Nf6 4. d4 exd4 5. e5 Ne4 6. Qe2 d5 7. exd6 f5 8. Nxd4
Nxd4 9. cxd4 Kf7 10. Qh5+ g6 11. Bc4+ Be6 12. Bxe6+ Kxe6 13. Qe2 Kxd6 14. Bf4+
Kd7 15. Be5 Rg8 16. Nc3 Nxc3 17. bxc3 Bd6 18. O-O Qe8 19. f4 Rd8 20. a4 Kc8 21.
a5 a6 22. Rfd1 g5 23. Qf3 gxf4 24. Qxf4 Qc6 25. Qxf5+ Kb8 26. Qh3 Bxe5 27. dxe5
Qc5+ 28. Kh1 Qxe5 29. Qxh7 Qxc3 30. Rg1 Rh8 31. Qf5 Qg3 32. h3 Rd5 33. Qe6 Re5
34. Qd7 Re7 35. Qf5 Rf7 36. Qe6 Rf6 37. Qd7 Rd6 38. Qf5 Rd5 39. Qe6 Rdh5 40.
Rgf1 Rxh3+ 41. gxh3 Rxh3+ 42. Qxh3 Qxh3+ 43. Kg1 Qg3+ 44. Kh1 Ka7 45. Rfc1 Qh4+
46. Kg2 Qg4+ 47. Kf2 c5 48. Ke3 Qd4+ 49. Ke2 Kb8 50. Ra3 Kc7 51. Rac3 Kc6 52.
R1c2 Qb4 53. Re3 Qxa5 54. Re6+ Kd7 55. Re3 Qb5+ 56. Kf2 a5 57. Rd2+ Kc7 58. Re7+
Kb6 59. Rd6+ Ka7 60. Rd5 a4 61. Re6 a3 62. Re3 Qb2+ 63. Re2 Qb4 64. Rdd2 Ka6 65.
Rd3 c4 66. Rf3 Qc5+ 67. Ke1 b5 68. Re6+ Ka5 69. Re8 c3 70. Ra8+ Kb4 71. Kd1 Kb3
72. Ke2 Qc4+ 73. Kf2 b4 74. Re8 a2 75. Re1 Kb2 76. Rfe3 a1=Q 77. R3e2+ Qxe2+ 78.
Rxe2+ Kb3 0-1

[Event "Titled Tue 27th May Late"]
[Site "chess.com INT"]
[Date "2025.05.27"]
[Round "10"]
[White "Manolache, Marius"]
[Black "Bluebaum, Matthias"]
[Result "1/2-1/2"]
[WhiteTitle "GM"]
[BlackTitle "GM"]
[WhiteElo "2408"]
[BlackElo "2660"]
[WhiteFideId "1201530"]
[BlackFideId "24651516"]
[EventDate "2025.05.27"]

1. d4 d5 2. c4 e6 3. Nc3 Bb4 4. a3 Bxc3+ 5. bxc3 Nf6 6. e3 c6 7. Bd3 e5 8. dxe5
dxc4 9. Bxc4 Qxd1+ 10. Kxd1 Ng4 11. Ke1 Nxe5 12. Be2 Bf5 13. f3 Bd3 14. e4 Nbd7
15. Be3 f6 16. Nh3 Bxe2 17. Kxe2 Nc4 18. Rhb1 b6 19. a4 Kf7 20. Nf4 Rhd8 21. Nd3
Nde5 22. Nxe5+ fxe5 23. Rd1 Ke6 24. g3 a5 25. f4 g6 26. Rf1 Rf8 27. Rab1 Rab8
28. Rb3 b5 29. Rfb1 Nd6 30. fxe5 Nxe4 31. axb5 Rxb5 32. Kd3 Rxe5 33. Rb6 Rf3 34.
Ke2 Rxe3+ 35. Kxe3 Nxc3+ 36. Kd4 Nxb1 37. Rxc6+ Kd7 38. Rb6 Re1 39. Rb7+ Kc6 40.
Rxh7 a4 41. Ra7 a3 42. Kc4 Re2 43. h4 Kb6 44. Ra8 Rg2 45. Rb8+ Ka5 46. Rxb1 Rxg3
47. Rb8 Rh3 48. Ra8+ Kb6 49. Kb4 Rxh4+ 50. Kxa3 Rg4 51. Kb3 Kc5 52. Kc3 Kd5 53.
Kd3 Rg3+ 54. Ke2 Ke4 55. Kf2 Rf3+ 56. Kg2 Rf6 57. Ra4+ Kf5 58. Kg3 g5 59. Ra5+
Kg6 60. Kg4 Rf4+ 61. Kg3 Rb4 62. Ra3 Kh5 63. Rc3 Rb1 64. Ra3 Rg1+ 65. Kh2 Rg4
66. Kh3 Rh4+ 67. Kg3 Rh1 68. Rb3 Ra1 69. Rc3 Rb1 70. Ra3 Rg1+ 71. Kh2 Rg4 72.
Kh3 Rc4 73. Kg3 Rc5 74. Rb3 Rd5 75. Ra3 Rb5 76. Rc3 Ra5 77. Rb3 Ra4 78. Rc3 Rg4+
79. Kh3 Rg1 80. Kh2 Rd1 81. Kg3 Rd5 82. Rb3 g4 83. Rc3 Rf5 84. Rb3 Kg5 85. Rc3
Re5 86. Rb3 Rd5 87. Rc3 Rf5 88. Rb3 Rf3+ 89. Rxf3 gxf3 90. Kxf3 1/2-1/2

[Event "Titled Tue 27th May Late"]
[Site "chess.com INT"]
[Date "2025.05.27"]
[Round "10"]
[White "Fadi, Marko"]
[Black "Ragger, Markus"]
[Result "1-0"]
[WhiteTitle "FM"]
[BlackTitle "GM"]
[WhiteElo "2244"]
[BlackElo "2566"]
[WhiteFideId "10605371"]
[BlackFideId "1610856"]
[EventDate "2025.05.27"]

1. c4 g6 2. Nc3 c5 3. g3 Bg7 4. Bg2 Nc6 5. Nf3 d6 6. O-O e5 7. d3 Nge7 8. Rb1
O-O 9. a3 a5 10. Bg5 f6 11. Be3 Be6 12. Ne1 b6 13. Nd5 Bxd5 14. cxd5 Nd4 15. Bd2
a4 16. Bc3 f5 17. Bxd4 exd4 18. b4 axb3 19. Qxb3 Nc8 20. Nf3 Rf7 21. h4 Rfa7 22.
Ra1 Bf6 23. Rfb1 Qd7 24. Nd2 f4 25. Nc4 fxg3 26. fxg3 Qg4 27. Kf2 g5 28. Bf3 Qf5
29. hxg5 Bxg5 30. Qb5 Rg7 31. Qe8+ Qf8 32. Qxf8+ Kxf8 33. Nxb6 Be3+ 34. Kg2 Nxb6
35. Rxb6 Bf4 36. g4 Rga7 37. Rf1 Kg7 38. Be4 Be5 39. Rh1 h6 40. Rh5 Re7 41. Rb3
Bf4 42. Rf5 Rf7 43. Rxf7+ Kxf7 44. Kf3 Be5 45. Rb7+ Kf6 46. Rh7 Kg5 47. Rf7 Bf6
48. Rd7 Be5 49. Rf7 Bf6 50. a4 Rxa4 51. Rf8 Ra1 52. Rg8+ Kh4 53. Kf4 c4 54. dxc4
Rf1+ 55. Bf3 Bg5+ 56. Ke4 Kg3 57. Kxd4 Bf4 58. Rg6 Rd1+ 59. Kc3 Rc1+ 60. Kb4
Rb1+ 61. Ka5 Rc1 62. Kb5 Rb1+ 63. Kc6 Rc1 64. Kb5 Rb1+ 65. Kc6 Rc1 66. Kd7 Rxc4
67. Ke6 Rc2 68. Rf6 Rc3 69. Rxf4 Kxf4 70. Kxd6 Ra3 71. Ke6 Re3+ 72. Kd6 Re8 73.
Kd7 Rg8 74. d6 Ke5 75. Kc7 Rg7+ 76. d7 Ke6 77. Bc6 Rh7 78. Kc8 Rh8+ 79. d8=Q
Rxd8+ 80. Kxd8 Kd6 81. Bf3 Ke5 82. Ke7 Kf4 83. Kf6 Kg3 84. Kg6 Kh4 85. Kxh6 Kg3
86. g5 Kf4 87. g6 Kg3 88. g7 Kh2 89. g8=R Kh3 90. Rg4 Kh2 91. Kg5 Kh3 92. Kf4
Kh2 93. e4 Kh3 94. e5 Kh2 95. e6 Kh3 96. e7 1-0

[Event "Titled Tue 27th May Late"]
[Site "chess.com INT"]
[Date "2025.05.27"]
[Round "10"]
[White "Hercegovac, Neven"]
[Black "Mizzi, Jack"]
[Result "1/2-1/2"]
[WhiteTitle "FM"]
[BlackTitle "CM"]
[WhiteElo "2211"]
[BlackElo "2086"]
[WhiteFideId "2839135"]
[BlackFideId "5602521"]
[EventDate "2025.05.27"]

1. Nf3 Nf6 2. g3 d5 3. Bg2 c5 4. O-O Nc6 5. d4 e6 6. c4 dxc4 7. dxc5 Qxd1 8.
Rxd1 Bxc5 9. Nbd2 c3 10. bxc3 O-O 11. Nb3 Bb6 12. Ba3 Re8 13. c4 a5 14. e3 e5
15. Rab1 Bf5 16. Rbc1 Rad8 17. Nc5 Bxc5 18. Bxc5 Rxd1+ 19. Rxd1 Be6 20. Bf1 Bg4
21. Be2 e4 22. Nd4 Bxe2 23. Nxe2 Ne5 24. Bd4 Nxc4 25. Rb1 Re7 26. Nc3 Nd2 27.
Rb5 Nf3+ 28. Kg2 Nxd4 29. exd4 Rd7 30. Rxa5 g6 31. d5 Rc7 32. Ra3 Rd7 33. Rb3
Nxd5 34. Nxe4 b6 35. Nc3 Nxc3 36. Rxc3 Rd2 37. Rb3 Rd6 38. h4 h5 39. Rb5 Kg7 40.
Kf3 Kf6 41. Kf4 Ke6 42. a4 Rd4+ 43. Kf3 Rd6 44. a5 bxa5 45. Rxa5 Rb6 46. Kf4 Kf6
47. Rc5 Rb4+ 48. Kf3 Ra4 49. Rb5 Ra1 50. Rc5 Rd1 51. Kf4 Rd4+ 52. Ke3 Rd8 53.
Ke4 Re8+ 54. Kf4 Ra8 55. Rc6+ Kg7 56. Rb6 Ra4+ 57. Kf3 Ra3+ 58. Ke4 Ra2 59. Ke3
Rc2 60. Ra6 Rc1 61. Rb6 Rd1 62. Ra6 Re1+ 63. Kf3 Rh1 64. Kf4 Rh2 65. f3 Rb2 66.
g4 Rb4+ 67. Kg3 hxg4 68. fxg4 Rb1 69. g5 Rg1+ 70. Kf4 Rh1 71. Kg4 Rg1+ 72. Kf4
Rb1 73. Kg4 Rb4+ 74. Kg3 Rb7 75. Kg4 Kf8 76. Kg3 Ke7 77. Kg4 Rd7 78. Kg3 Rd6 79.
Rxd6 Kxd6 80. Kg4 Ke5 81. h5 gxh5+ 82. Kxh5 Kf5 83. Kh6 Kg4 84. g6 fxg6 85. Kxg6 1/2-1/2

[Event "Titled Tue 27th May Late"]
[Site "chess.com INT"]
[Date "2025.05.27"]
[Round "10"]
[White "Panarin, Mikhail"]
[Black "Shukhman, Anna"]
[Result "0-1"]
[WhiteTitle "GM"]
[BlackTitle "WGM"]
[WhiteElo "2562"]
[BlackElo "2413"]
[WhiteFideId "4153251"]
[BlackFideId "54180058"]
[EventDate "2025.05.27"]

1. e4 c5 2. Nf3 d6 3. d4 cxd4 4. Nxd4 Nf6 5. f3 e5 6. Nb3 Be7 7. c4 a5 8. Be3 a4
9. Nc1 Nc6 10. Na3 O-O 11. Bd3 Nb4 12. O-O Nxd3 13. Nxd3 Be6 14. b3 d5 15. cxd5
Bxd5 16. Nb5 Bc6 17. bxa4 Rxa4 18. Na7 Ra3 19. Nxc6 bxc6 20. Nxe5 Qxd1 21. Rfxd1
Rxe3 22. Nxc6 Bc5 23. Kf1 g5 24. a4 g4 25. Rdc1 Nd7 26. Rd1 Rc8 27. Rxd7 Rxc6
28. Rc1 gxf3 29. gxf3 Rxf3+ 30. Kg2 Rf2+ 31. Kh1 Rg6 32. Rd3 Bd6 33. Rh3 Ra2 34.
Rf1 Rxa4 35. Rhf3 Rxe4 36. Rxf7 Re2 37. R7f2 Rxf2 38. Rxf2 Kg7 39. Rg2 Be5 40.
Re2 Bf6 41. h3 Rg3 42. Kh2 Ra3 43. Kg2 Kf7 44. Rf2 Kg6 45. Rf3 Ra2+ 46. Kh1 Be5
47. Kg1 h5 48. Kh1 Ra1+ 49. Kg2 Ra2+ 50. Kh1 Kg5 51. Kg1 Kh4 52. Kh1 Bg3 53. Rf5
Rh2+ 54. Kg1 Rxh3 55. Rd5 Rh2 56. Rd4+ Kh3 57. Rd3 Ra2 58. Rd1 Bh4 59. Kh1 Bg3
60. Kg1 h4 61. Kh1 Kg4 62. Rb1 Bf4 63. Rg1+ Bg3 64. Rb1 h3 65. Rb4+ Bf4 66. Rb1
Rh2+ 67. Kg1 Rg2+ 68. Kh1 Rc2 69. Rg1+ Kh4 70. Rf1 Bg3 71. Rb1 Bf2 72. Rb4+ Kg3
73. Rb3+ Kg4 74. Rb1 Be3 75. Re1 Bf4 76. Rg1+ Kf3 77. Rf1+ Kg3 78. Rg1+ Rg2 79.
Rd1 Rh2+ 80. Kg1 Be3+ 81. Kf1 Rh1+ 82. Ke2 Rxd1 0-1

[Event "Titled Tue 27th May Late"]
[Site "chess.com INT"]
[Date "2025.05.27"]
[Round "10"]
[White "Hiwale, Ronak"]
[Black "Butti, Enrique"]
[Result "1-0"]
[BlackTitle "CM"]
[WhiteElo "2105"]
[BlackElo "1998"]
[WhiteFideId "30975336"]
[BlackFideId "3700470"]
[EventDate "2025.05.27"]

1. Nf3 d6 2. g3 e5 3. Bg2 Nc6 4. O-O g6 5. d3 Bg7 6. Nc3 f5 7. e4 Nf6 8. exf5
Bxf5 9. Ng5 Qd7 10. Re1 O-O 11. Nd5 Rae8 12. Nxf6+ Bxf6 13. Bd5+ Kh8 14. h4 Nd4
15. c3 c6 16. Bg2 Bg4 17. f3 Bxg5 18. fxg4 Bxc1 19. Rxc1 Ne6 20. Qe2 Qg7 21. Rf1
Nc5 22. Rxf8+ Rxf8 23. Rf1 Nd7 24. Qe3 Rxf1+ 25. Bxf1 b6 26. Bg2 d5 27. Qg5 Qf6
28. Qh6 Nc5 29. h5 Qg7 30. Qe3 gxh5 31. gxh5 Ne6 32. Bh3 Ng5 33. Bg4 Qf6 34. Kg2
Kg7 35. c4 d4 36. Qe2 c5 37. Bf3 Qf5 38. Bg4 Qf6 39. a3 e4 40. dxe4 Qe5 41. Bf3
Nf7 42. Qd2 Nd6 43. b3 Nxe4 44. Bxe4 Qxe4+ 45. Kh3 Qe6+ 46. Kh2 Qe5 47. h6+ Kg6
48. Qd3+ Qf5 49. Qe2 d3 50. Qe8+ Kg5 51. Qg8+ Qg6 52. Qd5+ Kg4 53. Kg2 Qf5 54.
Qg8+ Qg5 55. Qc8+ Kh5 56. Qh3+ Kg6 57. Qe6+ Qf6 58. Qg4+ Kxh6 59. Qh3+ Kg6 60.
Qg4+ Qg5 61. Qe6+ Qf6 62. Qe4+ Qf5 63. Qe8+ Kf6 64. Qf8+ Ke6 65. Qe8+ Kd6 66.
Qd8+ Ke5 67. Qd5+ Kf6 68. Qd6+ Qe6 69. Qf4+ Ke7 70. Qg5+ Kd6 71. Qd8+ Kc6 72.
Qxd3 Qd6 73. Qf3+ Kc7 74. Qf7+ Qd7 75. Qf4+ Qd6 76. Qe4 Qc6 77. Qf3 Qxf3+ 78.
Kxf3 a6 79. Kg4 Kd6 80. Kh5 Ke5 81. Kh6 Kf5 82. Kxh7 Kg4 83. Kg6 Kxg3 84. Kf5
Kf3 85. Ke5 Ke3 86. Kd5 Kd3 87. Kc6 Kc3 88. Kxb6 Kxb3 89. Kxc5 Kxa3 90. Kb6 Kb4
91. c5 a5 92. c6 a4 93. c7 a3 94. c8=Q a2 95. Qc1 Kb3 96. Qa1 Ka3 97. Kc5 1-0

[Event "Titled Tue 27th May Late"]
[Site "chess.com INT"]
[Date "2025.05.27"]
[Round "11"]
[White "Thorhallsson, Simon"]
[Black "Gimeno Martos, Roberto"]
[Result "1-0"]
[WhiteTitle "FM"]
[BlackTitle "CM"]
[WhiteElo "2218"]
[BlackElo "2090"]
[WhiteFideId "2310090"]
[BlackFideId "2226804"]
[EventDate "2025.05.27"]

1. Nf3 d5 2. g3 c6 3. Bg2 Nf6 4. O-O g6 5. b3 Bg7 6. Bb2 O-O 7. d3 Nbd7 8. Nbd2
Re8 9. c4 e5 10. cxd5 cxd5 11. e4 dxe4 12. dxe4 b6 13. Nc4 Nxe4 14. Qd5 Ba6 15.
Qxe4 Nc5 16. Qe3 Rb8 17. Rfd1 Qe7 18. Nd6 Red8 19. Bxe5 Bxe5 20. Qxe5 Qxe5 21.
Nxe5 Rf8 22. b4 Ne6 23. Nd7 1-0

[Event "Titled Tue 27th May Late"]
[Site "chess.com INT"]
[Date "2025.05.27"]
[Round "11"]
[White "Yang, Daniel"]
[Black "Zuferi, Enis"]
[Result "0-1"]
[WhiteTitle "CM"]
[BlackTitle "FM"]
[WhiteElo "2213"]
[BlackElo "2351"]
[WhiteFideId "30976340"]
[BlackFideId "24692530"]
[EventDate "2025.05.27"]

1. d4 Nf6 2. c4 g6 3. Nc3 d5 4. cxd5 Nxd5 5. e4 Nxc3 6. bxc3 Bg7 7. Bc4 c5 8.
Ne2 Nc6 9. Be3 O-O 10. O-O Bg4 11. f3 Na5 12. Bxf7+ Rxf7 13. fxg4 Rxf1+ 14. Kxf1
Qd6 15. e5 Nc4 16. Bf2 Qe6 17. Nf4 Qf7 18. Qe2 b5 19. Qe4 Rf8 20. g3 Nd2+ 21.
Kg2 Nxe4 22. e6 Qe8 23. Be3 cxd4 24. Bxd4 Bxd4 25. cxd4 g5 0-1

[Event "Titled Tue 27th May Late"]
[Site "chess.com INT"]
[Date "2025.05.27"]
[Round "11"]
[White "Martin Fuentes, Alberto"]
[Black "Kalyani Sirin"]
[Result "0-1"]
[WhiteTitle "FM"]
[BlackTitle "WFM"]
[WhiteElo "2376"]
[BlackElo "2136"]
[WhiteFideId "2292289"]
[BlackFideId "33323500"]
[EventDate "2025.05.27"]

1. e4 e5 2. Nf3 Nc6 3. d4 exd4 4. Bc4 Nf6 5. O-O Nxe4 6. Re1 d5 7. Bxd5 Qxd5 8.
Nc3 Qa5 9. Nxe4 Be6 10. Neg5 O-O-O 11. Nxe6 fxe6 12. Rxe6 Bd6 13. Qe2 Qd5 14.
Qe4 Qxe4 15. Rxe4 Rhe8 16. Rxe8 Rxe8 17. Bd2 h6 18. Kf1 Kd7 19. Re1 Rxe1+ 20.
Kxe1 Ke6 21. Ke2 Kd5 22. a3 Ne7 23. h3 c5 24. a4 b6 25. b3 a6 26. g4 b5 27. axb5
axb5 28. Ba5 Ng6 29. Bd2 c4 30. bxc4+ bxc4 31. Ne1 Bf4 32. Ng2 Bxd2 33. Kxd2 Ke4
34. Ke2 Nf4+ 35. Nxf4 Kxf4 0-1

[Event "Titled Tue 27th May Late"]
[Site "chess.com INT"]
[Date "2025.05.27"]
[Round "11"]
[White "Swara Lakshmi S Nair"]
[Black "Gustafsson, Jan"]
[Result "0-1"]
[WhiteTitle "WCM"]
[BlackTitle "GM"]
[WhiteElo "2178"]
[BlackElo "2591"]
[WhiteFideId "25629239"]
[BlackFideId "4625498"]
[EventDate "2025.05.27"]

1. e4 e5 2. Nf3 Nc6 3. d4 exd4 4. Nxd4 Nf6 5. Nc3 Bb4 6. Nxc6 bxc6 7. Bd3 d5 8.
exd5 O-O 9. O-O Bg4 10. f3 Bh5 11. dxc6 Qd4+ 12. Kh1 Bxc3 13. bxc3 Qxc3 14. Rb1
Qxc6 15. Rb3 Bg6 16. Bb2 Rfd8 17. Qe2 Re8 18. Qf2 Bxd3 19. cxd3 Nd5 20. Rc1 Qg6
21. Bd4 Nf4 22. Qg3 Ne2 23. Qxg6 hxg6 24. Rbb1 Nxd4 25. Rxc7 a5 26. h3 Rab8 27.
Rbc1 Rb2 28. Ra7 Rxa2 29. Rc4 Nxf3 30. gxf3 Re1# 0-1

[Event "Titled Tue 27th May Late"]
[Site "chess.com INT"]
[Date "2025.05.27"]
[Round "11"]
[White "Kislinsky, Alexey"]
[Black "Marchesich, Giovanni"]
[Result "0-1"]
[WhiteTitle "GM"]
[BlackTitle "CM"]
[WhiteElo "2350"]
[BlackElo "2219"]
[WhiteFideId "14108801"]
[BlackFideId "2824790"]
[EventDate "2025.05.27"]

1. d4 c5 2. d5 e5 3. c4 d6 4. Nc3 Be7 5. e4 Bg5 6. Nf3 Bxc1 7. Rxc1 Ne7 8. Bd3
O-O 9. h3 f5 10. exf5 Nxf5 11. Bxf5 Bxf5 12. O-O Nd7 13. Qe2 h6 14. Nd2 Nf6 15.
Nde4 Nxe4 16. Nxe4 Bxe4 17. Qxe4 Rf4 18. Qe3 Qg5 19. Kh2 Raf8 20. f3 Qg6 21.
Rfe1 h5 22. b3 h4 23. Kh1 Qg3 24. Re2 e4 25. Rf1 exf3 26. Qe6+ Kh8 27. Rg1 fxe2 0-1

[Event "Titled Tue 27th May Late"]
[Site "chess.com INT"]
[Date "2025.05.27"]
[Round "11"]
[White "Ferreira, Vitor Hugo Vieira"]
[Black "Hartge, Gedeon"]
[Result "0-1"]
[BlackTitle "FM"]
[WhiteElo "2128"]
[BlackElo "2328"]
[WhiteFideId "2119765"]
[BlackFideId "12932116"]
[EventDate "2025.05.27"]

1. e4 Nf6 2. e5 Nd5 3. c4 Nb6 4. c5 Nd5 5. Nc3 Nxc3 6. dxc3 d6 7. cxd6 exd6 8.
Nf3 Nc6 9. Bb5 Bd7 10. exd6 Bxd6 11. Qe2+ Qe7 12. Qxe7+ Kxe7 13. O-O Rhe8 14.
Re1+ Kf8 15. Be3 a6 16. Bc4 h6 17. h3 Be6 18. Bxe6 Rxe6 19. Nd4 Nxd4 20. Bxd4
Rae8 21. Kf1 g6 22. Rxe6 Rxe6 23. Re1 Ke7 24. Rxe6+ Kxe6 25. Ke2 Kd5 26. Kd3 b5
27. b3 c5 28. c4+ Kc6 29. cxb5+ axb5 30. Be3 h5 31. a4 c4+ 32. bxc4 bxa4 33. Kc3
Bc5 34. Bxc5 Kxc5 35. g4 hxg4 36. hxg4 g5 37. Kd3 a3 38. Kc3 a2 39. Kb2 Kxc4 40.
Kxa2 Kd3 41. Kb2 Ke2 42. Kc2 Kxf2 43. Kd3 Kg3 44. Ke4 Kxg4 45. Ke3 0-1

[Event "Titled Tue 27th May Late"]
[Site "chess.com INT"]
[Date "2025.05.27"]
[Round "11"]
[White "Hernandez Bonilla, Amelia"]
[Black "Arya G Mallar"]
[Result "1-0"]
[WhiteTitle "WFM"]
[BlackTitle "WCM"]
[WhiteElo "1976"]
[BlackElo "2014"]
[WhiteFideId "3900193"]
[BlackFideId "25115324"]
[EventDate "2025.05.27"]

1. d4 Nf6 2. Bf4 g6 3. Nc3 d5 4. e3 Bg7 5. Nf3 O-O 6. Nb5 Na6 7. c4 Ne4 8. Be2
c6 9. Nc3 Nxc3 10. bxc3 Qa5 11. Qb3 dxc4 12. Bxc4 e6 13. O-O Rd8 14. Ne5 Nb8 15.
Rfd1 Na6 16. Rac1 c5 17. d5 g5 18. Bg3 h5 19. dxe6 h4 20. exf7+ Kf8 21. Ng6# 1-0

[Event "Titled Tue 27th May Late"]
[Site "chess.com INT"]
[Date "2025.05.27"]
[Round "11"]
[White "Silva, Pedro Gil Ferreira Da"]
[Black "Fernandes, Rogerio Paulo Muller"]
[Result "1-0"]
[WhiteTitle "FM"]
[WhiteElo "2262"]
[BlackElo "2241"]
[WhiteFideId "1946102"]
[BlackFideId "2101599"]
[EventDate "2025.05.27"]

1. e4 e6 2. d4 d5 3. Nc3 Bb4 4. e5 c5 5. a3 Bxc3+ 6. bxc3 Ne7 7. Qg4 Kf8 8. h4
Qa5 9. Bd2 Qa4 10. h5 h6 11. Rh3 Nbc6 12. Rf3 Nxe5 13. Qf4 Nxf3+ 14. Nxf3 Qxc2
15. g4 Qe4+ 16. Be2 Qxf4 17. Bxf4 c4 18. Rb1 f6 19. Bg3 b6 20. a4 Nc6 21. Bd6+
Kf7 22. Nh4 Bd7 23. Ng6 Rhe8 24. f4 Na5 25. Bf3 Bxa4 26. Kf2 Bc2 27. Re1 Bxg6
28. hxg6+ Kxg6 29. f5+ exf5 30. gxf5+ Kxf5 31. Rg1 g5 32. Bxd5 Rad8 33. Bf7 Re4
34. Bb4 Nc6 35. Ba3 Rf4+ 36. Ke2 Rd7 37. Bh5 g4 38. Rh1 Kg5 39. Be8 Rc7 40. Rh5# 1-0

[Event "Titled Tue 27th May Late"]
[Site "chess.com INT"]
[Date "2025.05.27"]
[Round "11"]
[White "Przybylski, Wojciech"]
[Black "Pakleza, Zbigniew"]
[Result "1-0"]
[WhiteTitle "FM"]
[BlackTitle "GM"]
[WhiteElo "2340"]
[BlackElo "2484"]
[WhiteFideId "1117599"]
[BlackFideId "1119290"]
[EventDate "2025.05.27"]

1. d4 d6 2. Nf3 g6 3. g3 c6 4. Bg2 e6 5. O-O f6 6. e4 h6 7. Re1 b6 8. c4 Ne7 9.
Nc3 a6 10. Qd3 Bg7 11. Be3 O-O 12. Rad1 Nd7 13. b4 Kh7 14. h4 h5 15. e5 Nf5 16.
Ne4 Nxe3 17. Qxe3 d5 18. exf6 dxe4 19. Ng5+ Kg8 20. fxg7 Rf5 21. Nxe6 Qf6 22.
Qh6 1-0

[Event "Titled Tue 27th May Late"]
[Site "chess.com INT"]
[Date "2025.05.27"]
[Round "11"]
[White "Marino Bravo, Miguel Angel"]
[Black "Sobek, Jaroslav"]
[Result "0-1"]
[WhiteTitle "CM"]
[BlackTitle "FM"]
[WhiteElo "2134"]
[BlackElo "2195"]
[WhiteFideId "2208970"]
[BlackFideId "301388"]
[EventDate "2025.05.27"]

1. d4 Nf6 2. Bf4 g6 3. Nc3 d5 4. e3 a6 5. h4 Bg7 6. h5 Nxh5 7. Rxh5 gxh5 8. Qxh5
Nd7 9. Qh2 Nf6 10. Bxc7 Qd7 11. Be5 Ng4 12. Qg3 Bxe5 13. dxe5 Qf5 14. Nxd5 Qxc2
15. Be2 h5 16. Nf3 Be6 17. Nd4 Qxb2 18. Nc7+ Kd7 19. Nb3 Kxc7 20. Rc1+ Kb8 21.
Bxg4 hxg4 22. Rd1 Rh1# 0-1